<?xml version="1.0" encoding="UTF-8"?>
<record
    xmlns:xsi="http://www.w3.org/2001/XMLSchema-instance"
    xsi:schemaLocation="http://www.loc.gov/MARC21/slim http://www.loc.gov/standards/marcxml/schema/MARC21slim.xsd"
    xmlns="http://www.loc.gov/MARC21/slim">

  <leader>01504nam a22001937a 4500</leader>
  <controlfield tag="005">20210414113921.0</controlfield>
  <controlfield tag="008">120301t        xxu||||| |||| 00| 0 eng d</controlfield>
  <datafield tag="020" ind1=" " ind2=" ">
    <subfield code="a">0256140561</subfield>
  </datafield>
  <datafield tag="050" ind1=" " ind2=" ">
    <subfield code="a">HD58.7.K87</subfield>
  </datafield>
  <datafield tag="100" ind1=" " ind2=" ">
    <subfield code="a">Kreitner, Robert</subfield>
  </datafield>
  <datafield tag="245" ind1=" " ind2=" ">
    <subfield code="a">Organizational beviour /</subfield>
    <subfield code="c">Robert Kreitner and Angelo Kinicki,</subfield>
  </datafield>
  <datafield tag="250" ind1=" " ind2=" ">
    <subfield code="a">3RD.</subfield>
  </datafield>
  <datafield tag="260" ind1=" " ind2=" ">
    <subfield code="a">Chicago:</subfield>
    <subfield code="b">Irwin,</subfield>
    <subfield code="c">1995.</subfield>
  </datafield>
  <datafield tag="300" ind1=" " ind2=" ">
    <subfield code="a">xxii, 605 p.:</subfield>
    <subfield code="b">ill;</subfield>
    <subfield code="c">26cm.</subfield>
  </datafield>
  <datafield tag="500" ind1=" " ind2=" ">
    <subfield code="a">Includes index.</subfield>
  </datafield>
  <datafield tag="505" ind1=" " ind2=" ">
    <subfield code="a">Contents: The World od organizational behavior: Managing organizational behaviour for quality and results -- International OB: Managing across cultures -- Managing diversity: Releasing every employee's potential -- Individual behavior: Individual differences, values and ethics -- Perception and attributions -- Motivation through needs, job design and satisfaction -- Motivation through equity, expectancy and goal setting -- Behaviour modification and self-management -- Group and social processes: Group dynamics -- Power, politics and conflict -- Individual and group decision making -- Teams and teamwork -- Organizational processes: Organizational communication processes -- Performance appraisal, feedback and rewards -- Leadership -- Managing occupational stress -- The Evolving organization: Organizations: Structure and effectiveness -- Organizational life cycles and design -- Organizational culture -- Managing change in learning organizations -- Advanced learning module A.</subfield>
  </datafield>
  <datafield tag="650" ind1=" " ind2=" ">
    <subfield code="a">Organizational behavior. </subfield>
  </datafield>
  <datafield tag="942" ind1=" " ind2=" ">
    <subfield code="2">lcc</subfield>
    <subfield code="c">BK</subfield>
  </datafield>
  <datafield tag="999" ind1=" " ind2=" ">
    <subfield code="c">637</subfield>
    <subfield code="d">8137</subfield>
  </datafield>
  <datafield tag="952" ind1=" " ind2=" ">
    <subfield code="0">0</subfield>
    <subfield code="1">0</subfield>
    <subfield code="2">lcc</subfield>
    <subfield code="4">0</subfield>
    <subfield code="7">0</subfield>
    <subfield code="a">WIUC-1</subfield>
    <subfield code="b">WIUC-1</subfield>
    <subfield code="c">GEN</subfield>
    <subfield code="d">2012-03-01</subfield>
    <subfield code="l">0</subfield>
    <subfield code="o">HD58.7.K87</subfield>
    <subfield code="p">1430/12</subfield>
    <subfield code="r">2012-03-01 00:00:00</subfield>
    <subfield code="t">1</subfield>
    <subfield code="w">2012-03-01</subfield>
    <subfield code="y">BK</subfield>
  </datafield>
</record>
